[Event "BL 1314 Bayern München - Turm Emsdetten"]
[Site "?"]
[Date "2014.02.09"]
[Round "8.8"]
[White "Lentrodt, Thomas"]
[Black "Richter, Christian"]
[Result "1-0"]
[WhiteElo "2278"]
[BlackElo "2362"]
[PlyCount "71"]
[EventDate "2014.??.??"]

1. d4 Nf6 2. c4 g6 3. Nc3 Bg7 4. e4 d6 5. Be2 O-O 6. Nf3 Na6 7. O-O e5 8. Be3
Ng4 9. Bg5 f6 10. Bc1 Qe7 11. d5 f5 12. Ne1 Nf6 13. f3 f4 14. Nd3 g5 15. g4 h5
16. h3 Kf7 17. Kf2 Rh8 18. Ke1 Nd7 19. b4 Nf8 20. Qb3 Ng6 21. Bd2 Bf6 22. Kd1
Kg7 23. Kc2 Bd7 24. Be1 hxg4 25. hxg4 Rh3 26. Bf2 Rh2 27. Qa3 c6 28. dxc6 Bc8
29. Nd5 Qd8 30. b5 Nc7 31. Rh1 Rxf2 32. Nxf2 Ne6 33. Rad1 Nd4+ 34. Rxd4 exd4
35. c7 Qd7 36. Rh7+ 1-0

[Event "BL 1314 Schachfr. Berlin - SV Hockenhei"]
[Site "?"]
[Date "2014.02.09"]
[Round "8.1"]
[White "Buhmann, Rainer"]
[Black "Kraemer, Martin"]
[Result "1-0"]
[WhiteElo "2582"]
[BlackElo "2554"]
[PlyCount "115"]
[EventDate "2014.??.??"]

1. Nf3 Nf6 2. c4 e6 3. Nc3 d5 4. d4 dxc4 5. e4 Bb4 6. Bxc4 Nxe4 7. O-O Nxc3 8.
bxc3 Be7 9. Ne5 O-O 10. Qg4 Nc6 11. Rb1 f5 12. Nxc6 fxg4 13. Nxd8 Rxd8 14. Be2
c5 15. dxc5 Bxc5 16. Bxg4 b6 17. Bg5 Rf8 18. Bh4 e5 19. Bf3 Rb8 20. Bd5+ Kh8
21. Rfe1 Bf5 22. Rbd1 Rbe8 23. Bc6 Rc8 24. Bd7 Bxd7 25. Rxd7 a5 26. Kf1 Rce8
27. Re4 Re6 28. Ke2 Kg8 29. f3 Rc8 30. Bg3 Bd6 31. Kd3 Rc6 32. a4 Bc7 33. Rc4
e4+ 34. fxe4 Bxg3 35. hxg3 Rxc4 36. Kxc4 Rxe4+ 37. Kb5 Re3 38. Kxb6 Rxc3 39.
Kxa5 Rxg3 40. Rd2 h5 41. Kb4 Re3 42. a5 Kf7 43. a6 Kf6 44. Rd5 h4 45. a7 Re8
46. Kc5 g5 47. Kc6 g4 48. Kb7 Re7+ 49. Kb6 Re8 50. Ra5 h3 51. gxh3 gxh3 52. Rh5
h2 53. Rxh2 Re6+ 54. Kc5 Re5+ 55. Kb4 Re4+ 56. Kb3 Re3+ 57. Kb2 Re8 58. Rf2+
1-0

[Event "BL 1314 Schachfr. Berlin - SV Hockenhei"]
[Site "?"]
[Date "2014.02.09"]
[Round "8.2"]
[White "Schneider, Ilja"]
[Black "Lenic, Luka"]
[Result "1/2-1/2"]
[WhiteElo "2494"]
[BlackElo "2656"]
[PlyCount "50"]
[EventDate "2014.??.??"]

1. d4 d5 2. c4 e6 3. Nf3 Nf6 4. g3 dxc4 5. Bg2 Bb4+ 6. Bd2 a5 7. Qc2 Bxd2+ 8.
Qxd2 c6 9. a4 Ne4 10. Qc2 Nd6 11. Na3 Na6 12. Nxc4 Nb4 13. Nxd6+ Qxd6 14. Qc3
O-O 15. O-O b6 16. Rfd1 Ba6 17. e3 Rac8 18. Ne5 Rfd8 19. Nc4 Qb8 20. b3 h6 21.
e4 Rd7 22. Ne5 Rd6 23. Nc4 Rd7 24. Ne5 Rd6 25. Nc4 Rd7 1/2-1/2

[Event "BL 1314 Schachfr. Berlin - SV Hockenhei"]
[Site "?"]
[Date "2014.02.09"]
[Round "8.3"]
[White "Baramidze, David"]
[Black "Dann, Matthias"]
[Result "1-0"]
[WhiteElo "2607"]
[BlackElo "2453"]
[PlyCount "67"]
[EventDate "2014.??.??"]

1. e4 e6 2. d4 d5 3. Nc3 Bb4 4. e5 Ne7 5. a3 Bxc3+ 6. bxc3 b6 7. Nf3 Ba6 8.
Bxa6 Nxa6 9. Qd3 Nb8 10. Ng5 h6 11. Nh3 Nbc6 12. Nf4 g6 13. h4 Qd7 14. a4 Na5
15. h5 g5 16. Ne2 O-O-O 17. O-O Kb7 18. g4 Rdf8 19. f4 gxf4 20. Rxf4 Rhg8 21.
Kh2 Rg5 22. Ba3 Rfg8 23. Rg1 Nf5 24. Bc1 Qxa4 25. Kh3 Nc6 26. Qd1 Qc4 27. Rff1
Nxe5 28. Bxg5 Rxg5 29. gxf5 Rxh5+ 30. Kg3 Rg5+ 31. Kh4 Rxg1 32. Nxg1 exf5 33.
Ne2 f4 34. dxe5 1-0

[Event "BL 1314 Schachfr. Berlin - SV Hockenhei"]
[Site "?"]
[Date "2014.02.09"]
[Round "8.4"]
[White "Lauber, Arnd"]
[Black "Wagner, Dennis"]
[Result "1/2-1/2"]
[WhiteElo "2442"]
[BlackElo "2457"]
[PlyCount "138"]
[EventDate "2014.??.??"]

1. d4 Nf6 2. c4 g6 3. Nc3 d5 4. cxd5 Nxd5 5. e4 Nxc3 6. bxc3 Bg7 7. Bc4 c5 8.
Ne2 Nc6 9. Be3 O-O 10. O-O b6 11. Rc1 Bb7 12. d5 Ne5 13. Bb3 Ba6 14. c4 e6 15.
h3 exd5 16. exd5 Re8 17. Qd2 Qd6 18. Ng3 Nd7 19. Ba4 Be5 20. Rfe1 Rab8 21. Bh6
b5 22. Ne4 Qc7 23. cxb5 Bxb5 24. Bxb5 Rxb5 25. f4 Bg7 26. Bxg7 Kxg7 27. Qc3+
Kg8 28. Nf6+ Nxf6 29. Qxf6 Rbb8 30. d6 Qc6 31. Rxe8+ Rxe8 32. Rd1 Qd7 33. f5 c4
34. Rd4 c3 35. fxg6 fxg6 36. Qf3 c2 37. Qb3+ Qe6 38. Rc4 Qe1+ 39. Kh2 Qe5+ 40.
Qg3 Qxg3+ 41. Kxg3 Re2 42. d7 Rd2 43. Rxc2 Rxd7 44. Kf4 Rd4+ 45. Ke3 Ra4 46.
Kd3 Ra3+ 47. Kc4 a5 48. Kd4 Kg7 49. Ke5 Ra4 50. Rf2 h5 51. g3 Ra3 52. Kf4 Kf6
53. h4 Ra4+ 54. Kf3 Kf5 55. Re2 Ra3+ 56. Kg2 Rc3 57. Kh3 a4 58. Rf2+ Ke5 59.
Rf4 Ra3 60. Rf2 Re3 61. Rf4 Re4 62. Rf3 Kd5 63. Rf6 Rg4 64. Ra6 Kc5 65. a3 Kb5
66. Ra8 Rd4 67. Rg8 Rg4 68. Ra8 Rd4 69. Rg8 Rg4 1/2-1/2

[Event "BL 1314 Schachfr. Berlin - SV Hockenhei"]
[Site "?"]
[Date "2014.02.09"]
[Round "8.5"]
[White "Ribli, Zoltan"]
[Black "Berndt, Stephan"]
[Result "1/2-1/2"]
[WhiteElo "2585"]
[BlackElo "2440"]
[PlyCount "41"]
[EventDate "2014.??.??"]

1. Nf3 Nf6 2. c4 b6 3. d4 e6 4. g3 Bb7 5. Bg2 Bb4+ 6. Bd2 Bxd2+ 7. Qxd2 O-O 8.
Nc3 Ne4 9. Qc2 d5 10. cxd5 exd5 11. Rc1 Nd7 12. Nxe4 dxe4 13. Nd2 f5 14. O-O
Rc8 15. b4 Nf6 16. Rfd1 Bd5 17. Nc4 c6 18. e3 Qe7 19. Qb2 Qe6 20. Ne5 Nd7 21.
Nxd7 1/2-1/2

[Event "BL 1314 Schachfr. Berlin - SV Hockenhei"]
[Site "?"]
[Date "2014.02.09"]
[Round "8.6"]
[White "Polzin, Rainer"]
[Black "Banusz, Tamas"]
[Result "0-1"]
[WhiteElo "2426"]
[BlackElo "2593"]
[PlyCount "68"]
[EventDate "2014.??.??"]

1. c4 Nf6 2. Nf3 c6 3. d4 d5 4. e3 Bf5 5. Bd3 Bg6 6. Nc3 e6 7. Ne5 Nbd7 8. cxd5
Nxe5 9. dxe5 Nxd5 10. Bxg6 hxg6 11. Nxd5 exd5 12. O-O Bc5 13. b4 Qh4 14. h3
Qxb4 15. e6 f5 16. Bd2 Qh4 17. Qc1 b6 18. e4 Qxe4 19. Re1 Qc4 20. Qd1 O-O 21.
Qf3 Rae8 22. Bg5 Be7 23. Rac1 Qa4 24. Bf4 Bb4 25. Re3 Rf6 26. Qe2 Bc5 27. Rxc5
bxc5 28. Bg5 Qb5 29. Qe1 Qb4 30. Qe2 f4 31. Re5 Rf5 32. e7 Rxe5 33. Qxe5 Qb1+
34. Kh2 Qf5 0-1

[Event "BL 1314 Schachfr. Berlin - SV Hockenhei"]
[Site "?"]
[Date "2014.02.09"]
[Round "8.7"]
[White "Paehtz, Elisabeth"]
[Black "Abel, Dennes"]
[Result "0-1"]
[WhiteElo "2459"]
[BlackElo "2429"]
[PlyCount "74"]
[EventDate "2014.??.??"]

1. e4 c6 2. d4 d5 3. exd5 cxd5 4. c4 Nf6 5. Nc3 Nc6 6. Nf3 g6 7. cxd5 Nxd5 8.
Qb3 Nxc3 9. bxc3 Bg7 10. Be2 O-O 11. Ba3 Qc7 12. O-O Be6 13. Qb5 Rfd8 14. Rfd1
Bd5 15. Rac1 Rac8 16. Qa4 a6 17. Bc5 b6 18. Bb4 b5 19. Qa3 Nxb4 20. cxb4 Qd6
21. Rc5 Qe6 22. Qe3 Bxa2 23. Ra1 Ra8 24. Rac1 Bd5 25. Ne5 Bxe5 26. dxe5 Rac8
27. h3 Rxc5 28. Rxc5 Qf5 29. Bd3 Qd7 30. Be2 Qf5 31. Bd3 Qd7 32. Be2 Be6 33.
Bf3 Qd2 34. Qa3 Rd3 35. Qxa6 Qxb4 36. Qxb5 Qe1+ 37. Kh2 Rxf3 0-1

[Event "BL 1314 Schachfr. Berlin - SV Hockenhei"]
[Site "?"]
[Date "2014.02.09"]
[Round "8.8"]
[White "Thiede, Lars"]
[Black "Rau, Hannes"]
[Result "1/2-1/2"]
[WhiteElo "2443"]
[BlackElo "2461"]
[PlyCount "125"]
[EventDate "2014.??.??"]

1. c4 c5 2. g3 Nc6 3. Bg2 g6 4. Nc3 Bg7 5. Nf3 e6 6. O-O Nge7 7. d3 O-O 8. Bd2
d5 9. Rb1 b6 10. a3 dxc4 11. dxc4 Bb7 12. Qc2 Qd7 13. Rfd1 Nd4 14. Nxd4 cxd4
15. Bxb7 Qxb7 16. Ne4 f5 17. Ng5 Qd7 18. f4 Rac8 19. Qb3 h6 20. Nf3 Kh7 21. Bc3
Nc6 22. e3 e5 23. fxe5 d3 24. Rd2 Qb7 25. Kf2 g5 26. Rxd3 g4 27. Nh4 Bxe5 28.
Rbd1 Rf7 29. Rd5 Re8 30. Bxe5 Nxe5 31. Qb5 Qe7 32. Ng2 h5 33. c5 bxc5 34. Qxc5
Qb7 35. Qb5 Qxb5 36. Rxb5 Rc7 37. Rd2 Nf3 38. Re2 Re5 39. Rxe5 Nxe5 40. Nh4 Rc1
41. Kg2 Nc4 42. Nxf5 Rb1 43. Rc2 Rxb2 44. Rxb2 Nxb2 45. Nd6 Kg6 46. Kf2 Kf6 47.
Ke2 Ke5 48. Nb5 a6 49. Nd4 Nc4 50. a4 Kd5 51. Nf5 Ke4 52. Ng7 Nxe3 53. Nxh5 Nd5
54. a5 Nc3+ 55. Kd2 Nd5 56. Kc2 Nb4+ 57. Kb3 Nc6 58. Ka4 Kf3 59. Nf6 Ne5 60.
Kb4 Nc6+ 61. Ka4 Ne5 62. Kb4 Nc6+ 63. Ka4 1/2-1/2

[Event "BL 1314 SK König Tegel - OSG Baden Bade"]
[Site "?"]
[Date "2014.02.09"]
[Round "8.1"]
[White "Bacrot, Etienne"]
[Black "Rabiega, Robert"]
[Result "1-0"]
[WhiteElo "2738"]
[BlackElo "2494"]
[PlyCount "73"]
[EventDate "2014.??.??"]

1. d4 d5 2. c4 dxc4 3. e4 Nf6 4. e5 Nd5 5. Bxc4 Nb6 6. Bd3 Nc6 7. Ne2 Bg4 8. f3
Bh5 9. Nbc3 e6 10. Be4 Bg6 11. O-O Be7 12. Be3 O-O 13. Bf2 Bxe4 14. fxe4 Bg5
15. Kh1 Qe7 16. Qd3 Rad8 17. Qg3 Bh6 18. Bg1 Kh8 19. b3 Nd7 20. Qh3 a6 21. Rad1
Nb4 22. Qg3 Qg5 23. Qh3 Qe7 24. Qg3 Qg5 25. Qxg5 Bxg5 26. d5 Kg8 27. Nd4 exd5
28. e6 c5 29. Nf3 fxe6 30. Nxg5 Rxf1 31. Rxf1 d4 32. Nxe6 Re8 33. Nc7 Re5 34.
N3d5 Nc2 35. Rc1 d3 36. Rd1 Rxe4 37. Rxd3 1-0

[Event "BL 1314 SK König Tegel - OSG Baden Bade"]
[Site "?"]
[Date "2014.02.09"]
[Round "8.2"]
[White "Stern, Rene"]
[Black "Naiditsch, Arkadij"]
[Result "1/2-1/2"]
[WhiteElo "2521"]
[BlackElo "2702"]
[PlyCount "78"]
[EventDate "2014.??.??"]

1. d4 Nf6 2. c4 g6 3. Nc3 Bg7 4. e4 d6 5. Nf3 O-O 6. Be2 e5 7. O-O Nc6 8. d5
Ne7 9. Ne1 Nd7 10. f3 f5 11. g4 f4 12. h4 a5 13. Kg2 Nc5 14. Nd3 Bd7 15. Bd2
Nc8 16. Be1 Nb6 17. b3 a4 18. Rb1 axb3 19. axb3 Ra3 20. Nxc5 dxc5 21. Ra1 Rxa1
22. Qxa1 Nc8 23. Nd1 Nd6 24. Rh1 Qa8 25. Qb2 b5 26. cxb5 Bxb5 27. Bf2 Rb8 28.
Bxc5 Bxe2 29. Qxe2 Rxb3 30. Bxd6 cxd6 31. Nf2 Qa3 32. g5 Re3 33. Qb5 h5 34.
gxh6 Rxf3 35. hxg7 Rg3+ 36. Kh2 Rh3+ 37. Kg1 Rg3+ 38. Kh2 Rh3+ 39. Kg1 Rg3+
1/2-1/2

[Event "BL 1314 SK König Tegel - OSG Baden Bade"]
[Site "?"]
[Date "2014.02.09"]
[Round "8.3"]
[White "Vallejo Pons, Francisco"]
[Black "Richter, Michael"]
[Result "1-0"]
[WhiteElo "2707"]
[BlackElo "2470"]
[PlyCount "77"]
[EventDate "2014.??.??"]

1. e4 e6 2. d4 d5 3. Nc3 Nc6 4. Nf3 Nf6 5. e5 Ne4 6. a3 Be7 7. Bd3 Nxc3 8. bxc3
Na5 9. h4 c5 10. dxc5 Qc7 11. O-O Bd7 12. Be3 Bxc5 13. Bd4 Be7 14. Ng5 Nc6 15.
Qh5 g6 16. Qf3 O-O-O 17. Qe3 Nxd4 18. cxd4 Rdf8 19. Rfc1 Kb8 20. c4 dxc4 21.
Rxc4 Qa5 22. Be4 Rc8 23. Rxc8+ Rxc8 24. Qf3 Bxg5 25. hxg5 Qd2 26. Qxf7 Qxd4 27.
Re1 Qd2 28. Re3 Qc1+ 29. Kh2 Qc7 30. f4 Rd8 31. Rh3 Qc4 32. Qe7 Kc7 33. Qb4
Qxb4 34. axb4 Rf8 35. Rxh7 Rxf4 36. Bxg6 Kd8 37. Bh5 Rf5 38. g6 Rg5 39. g4 1-0

[Event "BL 1314 SK König Tegel - OSG Baden Bade"]
[Site "?"]
[Date "2014.02.09"]
[Round "8.4"]
[White "Muse, Mladen"]
[Black "Kasimdzhanov, Rustam"]
[Result "1/2-1/2"]
[WhiteElo "2415"]
[BlackElo "2698"]
[PlyCount "93"]
[EventDate "2014.??.??"]

1. Nf3 d5 2. g3 c6 3. Bg2 Bf5 4. c4 dxc4 5. Na3 e5 6. Nxc4 e4 7. Ng1 Nf6 8. Ne3
Bg6 9. Qb3 Na6 10. Nh3 Nc5 11. Qc3 Ne6 12. Nf4 Nxf4 13. gxf4 Bd6 14. f5 Bh5 15.
b3 Qe7 16. Bb2 O-O-O 17. a3 Rhe8 18. b4 Kb8 19. Bf1 Be5 20. Qxe5+ Qxe5 21.
Bxe5+ Rxe5 22. Rg1 g6 23. fxg6 hxg6 24. h4 Nd5 25. Nc4 Re6 26. e3 f5 27. Na5
Nf6 28. Nb3 Bg4 29. Nd4 Re7 30. Be2 Rh8 31. Rc1 Reh7 32. f3 exf3 33. Nxf3 Bxf3
34. Bxf3 Rxh4 35. Rxg6 Nd7 36. d4 Rh2 37. Bg2 Nf6 38. Kf1 Nd5 39. Re1 f4 40.
Bxd5 cxd5 41. exf4 Rh1+ 42. Kf2 R8h2+ 43. Kg3 Rh3+ 44. Kg2 R3h2+ 45. Kg3 Rh3+
46. Kg2 R3h2+ 47. Kg3 1/2-1/2

[Event "BL 1314 SK König Tegel - OSG Baden Bade"]
[Site "?"]
[Date "2014.02.09"]
[Round "8.5"]
[White "Nielsen, Peter Heine"]
[Black "Von Herman, Ulf"]
[Result "1-0"]
[WhiteElo "2652"]
[BlackElo "2384"]
[PlyCount "67"]
[EventDate "2014.??.??"]

1. c4 c5 2. Nf3 Nf6 3. Nc3 Nc6 4. g3 d6 5. d4 cxd4 6. Nxd4 Bd7 7. Bg2 Qc8 8.
Nd5 Nxd5 9. cxd5 Nxd4 10. Qxd4 Bh3 11. Bxh3 Qxh3 12. Be3 f6 13. Rc1 h5 14. Kd2
Kf7 15. Rc7 Qg2 16. Rhc1 h4 17. g4 Kg8 18. f3 Rh7 19. Qe4 g5 20. Bg1 b6 21. Qf5
Rf7 22. Kd3 Kh8 23. R7c2 Bg7 24. e4 Qh3 25. Ke3 Re8 26. Kf2 Kg8 27. Rc7 a5 28.
a4 Rb8 29. Qe6 Bf8 30. Rc8 Rxc8 31. Rxc8 Kg7 32. Rb8 f5 33. exf5 Rf6 34. Qe4
1-0

[Event "BL 1314 SK König Tegel - OSG Baden Bade"]
[Site "?"]
[Date "2014.02.09"]
[Round "8.6"]
[White "Sarbok, Torsten"]
[Black "Gustafsson, Jan"]
[Result "0-1"]
[WhiteElo "2367"]
[BlackElo "2631"]
[PlyCount "90"]
[EventDate "2014.??.??"]

1. e4 c5 2. Nf3 Nc6 3. Bb5 e6 4. O-O Nge7 5. Re1 a6 6. Bf1 d5 7. d3 d4 8. e5
Ng6 9. a4 Be7 10. Nbd2 Rb8 11. g3 O-O 12. Bg2 f6 13. exf6 gxf6 14. h4 Bd7 15.
Ne4 e5 16. Bh6 Re8 17. Nfd2 Nh8 18. Nb3 Nf7 19. Bd2 b6 20. a5 f5 21. Ng5 Nxg5
22. hxg5 Bxg5 23. axb6 Bxd2 24. Qxd2 Rxb6 25. Nxc5 Nb8 26. Nxd7 Nxd7 27. Ra5
Rxb2 28. Rxa6 Rb6 29. Ra7 Kh8 30. c3 dxc3 31. Qxc3 Rd6 32. Rb1 Nf6 33. Bf1 Rb6
34. Re1 Qb8 35. Ra5 Rb3 36. Qc6 Kg7 37. Qf3 f4 38. gxf4 e4 39. Qg2+ Kh8 40. Rg5
exd3 41. Rxe8+ Qxe8 42. Qf3 Qd8 43. Qd1 d2 44. Be2 Rc3 45. Kh2 Qd4 0-1

[Event "BL 1314 SK König Tegel - OSG Baden Bade"]
[Site "?"]
[Date "2014.02.09"]
[Round "8.7"]
[White "Schlosser, Philipp"]
[Black "Muse, Drazen"]
[Result "1-0"]
[WhiteElo "2613"]
[BlackElo "2414"]
[PlyCount "87"]
[EventDate "2014.??.??"]

1. d4 Nf6 2. c4 c5 3. Nf3 e6 4. g3 cxd4 5. Nxd4 Bb4+ 6. Bd2 Qb6 7. e3 Nc6 8.
Bg2 Nxd4 9. exd4 Bxd2+ 10. Qxd2 d6 11. O-O O-O 12. Nc3 Bd7 13. b3 Rab8 14. h3
Rfc8 15. Rfd1 Qb4 16. Bf1 Bc6 17. a3 Qb6 18. Qe3 a5 19. b4 axb4 20. axb4 Ra8
21. b5 Rxa1 22. Rxa1 Be8 23. g4 h6 24. f4 Qd8 25. g5 hxg5 26. fxg5 Nd7 27. h4
Nb6 28. c5 dxc5 29. dxc5 Nd5 30. Nxd5 Qxd5 31. Rc1 Qf5 32. Be2 g6 33. Kh2 Rc7
34. Kg3 e5 35. b6 Re7 36. Bg4 Qf4+ 37. Qxf4 exf4+ 38. Kxf4 Bc6 39. Bf3 Bxf3 40.
Kxf3 Kf8 41. c6 bxc6 42. Rxc6 Rd7 43. Ke4 Ke7 44. Rc7 1-0

[Event "BL 1314 SK König Tegel - OSG Baden Bade"]
[Site "?"]
[Date "2014.02.09"]
[Round "8.8"]
[White "Breier, Andreas"]
[Black "Dautov, Rustem"]
[Result "1/2-1/2"]
[WhiteElo "2384"]
[BlackElo "2606"]
[PlyCount "110"]
[EventDate "2014.??.??"]

1. d4 Nf6 2. g3 d5 3. Bg2 c6 4. Nf3 Bf5 5. Nh4 Bg4 6. h3 Bh5 7. g4 Bg6 8. Nd2
e6 9. Nxg6 hxg6 10. Nf3 Nbd7 11. Ne5 Nxe5 12. dxe5 Nd7 13. f4 Qh4+ 14. Kf1 Bc5
15. e3 f6 16. exf6 Qxf6 17. g5 Qf7 18. Bf3 e5 19. Kg2 O-O-O 20. Bg4 Kb8 21. Rf1
Rhf8 22. Bd2 Qe7 23. Qe2 Bd6 24. Qd3 Qe8 25. b4 Nb6 26. Rae1 Bc7 27. c3 Nc4 28.
Bc1 Qf7 29. a4 Rde8 30. Re2 a6 31. a5 Re7 32. Ref2 Qe8 33. e4 exf4 34. Bxf4
Bxf4 35. Rxf4 Rxf4 36. Rxf4 Rxe4 37. Rxe4 Qxe4+ 38. Qxe4 dxe4 39. Kg3 Ne3 40.
Be6 Nc4 41. Bg4 Ne3 42. Be6 Nd5 43. Bf7 Nxc3 44. Bxg6 e3 45. h4 Ne2+ 46. Kf3
Nf4 47. Be4 e2 48. Kf2 Kc7 49. Bf3 Kd6 50. Bxe2 Nd5 51. h5 Ke5 52. Bg4 Nxb4 53.
h6 gxh6 54. gxh6 Kf6 55. Ke3 b6 1/2-1/2

[Event "BL 1314 Werder Bremen - SV Wattenscheid"]
[Site "?"]
[Date "2014.02.09"]
[Round "8.1"]
[White "Hansen, Eric"]
[Black "McShane, Luke J"]
[Result "0-1"]
[WhiteElo "2562"]
[BlackElo "2684"]
[PlyCount "112"]
[EventDate "2014.??.??"]
[TimeControl "120+28"]
[WhiteClock "0:00:49"]
[BlackClock "0:00:04"]

1. e4 e5 2. Nf3 Nc6 3. Bb5 Nf6 4. d3 Bc5 5. c3 O-O 6. O-O d6 7. h3 Ne7 8. d4
Bb6 9. Bd3 Ng6 10. Re1 Nh5 11. Be3 Nhf4 12. Bf1 exd4 13. Bxd4 f5 14. e5 dxe5
15. Nxe5 Nxe5 16. Bxe5 Ng6 17. Bd4 c5 18. Be3 f4 19. Qxd8 Rxd8 20. Bc1 Bf5 21.
Nd2 Re8 22. Rxe8+ Rxe8 23. Nf3 h6 24. Bd2 Kf8 25. c4 Be4 26. Be2 Bc7 27. Bc3 b6
28. Nd2 Bf5 29. Kf1 Be5 30. Rc1 Rd8 31. Nf3 Bxc3 32. Rxc3 Ke7 33. a3 Kf6 34.
Ke1 Ne5 35. Nxe5 Kxe5 36. h4 g5 37. hxg5 hxg5 38. g3 Rh8 39. gxf4+ gxf4 40. Bf3
Kd4 41. Bd5 b5 42. Kd2 a5 43. Ke2 Rb8 44. Bf7 b4 45. Rc1 bxa3 46. Rd1+ Ke5 47.
bxa3 Bg4+ 48. f3 Rb2+ 49. Kd3 Bxf3 50. Re1+ Kf6 51. Bd5 Bg4 52. Kc3 Re2 53. Rb1
Re3+ 54. Kd2 Ke5 55. Rb8 Kd4 56. Rf8 Re2+ 0-1

[Event "BL 1314 Werder Bremen - SV Wattenscheid"]
[Site "?"]
[Date "2014.02.09"]
[Round "8.2"]
[White "Areshchenko, Alexander"]
[Black "Rustemov, Alexander"]
[Result "1-0"]
[WhiteElo "2706"]
[BlackElo "2525"]
[PlyCount "57"]
[EventDate "2014.??.??"]
[TimeControl "120+16"]
[WhiteClock "0:00:16"]
[BlackClock "0:00:32"]

1. e4 e6 2. d4 d5 3. e5 c5 4. c3 Qb6 5. Nf3 Bd7 6. Bd3 cxd4 7. Nxd4 Bc5 8. O-O
Bxd4 9. cxd4 Qxd4 10. Nc3 a6 11. Re1 Bc6 12. Ne2 Qxe5 13. Ng3 Qc7 14. Qg4 g6
15. Qd4 f6 16. Rxe6+ Kf7 17. Bf4 Qc8 18. Re3 a5 19. Rae1 Qd7 20. h4 Na6 21. h5
Nc7 22. Bxc7 Qxc7 23. Qg4 Kf8 24. hxg6 hxg6 25. Bxg6 Rd8 26. Qd4 Rh6 27. Qc5+
Qd6 28. Re8+ Bxe8 29. Rxe8+ 1-0

[Event "BL 1314 Werder Bremen - SV Wattenscheid"]
[Site "?"]
[Date "2014.02.09"]
[Round "8.3"]
[White "Appel, Ralf"]
[Black "Efimenko, Zahar"]
[Result "0-1"]
[WhiteElo "2527"]
[BlackElo "2655"]
[PlyCount "60"]
[EventDate "2014.??.??"]
[TimeControl "120+25"]
[WhiteClock "0:00:01"]
[BlackClock "0:00:16"]

1. b3 Nf6 2. Bb2 g6 3. g4 Bg7 4. e3 O-O 5. Bg2 d5 6. g5 Ne8 7. Bxg7 Nxg7 8. Nc3
c6 9. Qe2 e5 10. h4 b5 11. Bh3 Nd7 12. a4 b4 13. Na2 c5 14. Qf3 e4 15. Qg3 Qe7
16. Qc7 Qe5 17. Qxe5 Nxe5 18. O-O-O f6 19. Rh2 fxg5 20. hxg5 Bxh3 21. Nxh3 Ne6
22. Rg2 a5 23. d3 Rad8 24. Rg3 exd3 25. cxd3 c4 26. dxc4 dxc4 27. Rxd8 Rxd8 28.
bxc4 Nc5 29. Nf4 Nxc4 30. Rg1 Rd2 0-1

[Event "BL 1314 Werder Bremen - SV Wattenscheid"]
[Site "?"]
[Date "2014.02.09"]
[Round "8.4"]
[White "Edouard, Romain"]
[Black "Handke, Florian"]
[Result "1-0"]
[WhiteElo "2661"]
[BlackElo "2543"]
[PlyCount "73"]
[EventDate "2014.??.??"]
[TimeControl "120+43"]
[WhiteClock "0:00:07"]

1. d4 d5 2. c4 c6 3. Nf3 Nf6 4. Nc3 a6 5. c5 g6 6. h3 Bg7 7. Bf4 O-O 8. e3 Bf5
9. Qb3 Qc8 10. Be2 Nbd7 11. O-O Ne4 12. Bh2 Re8 13. Nxe4 Bxe4 14. Ng5 Nf6 15.
Nxe4 Nxe4 16. Rad1 e5 17. f3 Ng5 18. dxe5 Ne6 19. Qc3 Bf8 20. b4 a5 21. a3 axb4
22. axb4 b6 23. cxb6 Qb7 24. Rb1 Ra2 25. Rfe1 Qxb6 26. Kh1 Rea8 27. b5 c5 28.
f4 R8a3 29. Qc1 c4 30. e4 dxe4 31. Qxc4 Ra4 32. Qc6 Qf2 33. Bg1 Qh4 34. Bf1
Qxf4 35. b6 Ng5 36. b7 R4a3 37. Qf6 1-0

[Event "BL 1314 Werder Bremen - SV Wattenscheid"]
[Site "?"]
[Date "2014.02.09"]
[Round "8.5"]
[White "Hirneise, Tobias"]
[Black "Hracek, Zbynek"]
[Result "0-1"]
[WhiteElo "2450"]
[BlackElo "2635"]
[PlyCount "112"]
[EventDate "2014.??.??"]
[TimeControl "120+25"]
[WhiteClock "0:00:44"]
[BlackClock "0:00:52"]

1. e4 c5 2. Nf3 d6 3. d4 cxd4 4. Nxd4 Nf6 5. Nc3 a6 6. Be3 e6 7. Be2 Qc7 8. a3
b5 9. g4 Bb7 10. f3 h6 11. Qd2 d5 12. exd5 Nxd5 13. Nxd5 Bxd5 14. O-O-O Nc6 15.
Bf4 Qb6 16. Nxc6 Qxc6 17. Be5 Rc8 18. Rhe1 f6 19. Bc3 Bxa3 20. bxa3 Qxc3 21.
Qxc3 Rxc3 22. Bxb5+ Kf7 23. Bxa6 Rxa3 24. Be2 h5 25. h3 hxg4 26. hxg4 Rh2 27.
f4 Rf2 28. Rd4 Bf3 29. Rd7+ Ke8 30. Bb5 Ra1+ 31. Kb2 Rxe1 32. Rd2+ Ke7 33. Rxf2
Bxg4 34. Kc3 e5 35. Kd2 Rd1+ 36. Ke3 exf4+ 37. Rxf4 Be6 38. Bd3 g5 39. Ra4 f5
40. Ra6 Re1+ 41. Kf2 Re5 42. Bf1 Rc5 43. c4 Bxc4 44. Bxc4 Rxc4 45. Rg6 Rg4 46.
Kf3 Kf7 47. Ra6 Rf4+ 48. Kg3 Re4 49. Rb6 Re3+ 50. Kf2 Re6 51. Rb5 Kg6 52. Ra5
g4 53. Ra4 Kg5 54. Rb4 f4 55. Rb2 g3+ 56. Kf1 f3 0-1

[Event "BL 1314 Werder Bremen - SV Wattenscheid"]
[Site "?"]
[Date "2014.02.09"]
[Round "8.6"]
[White "Babula, Vlastimil"]
[Black "Straeter, Timo"]
[Result "1/2-1/2"]
[WhiteElo "2585"]
[BlackElo "2334"]
[PlyCount "41"]
[EventDate "2014.??.??"]
[TimeControl "120+14"]
[WhiteClock "0:00:27"]
[BlackClock "0:00:44"]

1. d4 d5 2. Nf3 Nf6 3. c4 e6 4. Nc3 Be7 5. Bg5 O-O 6. e3 Nbd7 7. Rc1 a6 8. b3
h6 9. Bh4 b6 10. Bd3 Bb7 11. O-O c5 12. Qe2 Ne4 13. Bxe7 Qxe7 14. cxd5 Nxc3 15.
Rxc3 Bxd5 16. Rfc1 Rfd8 17. dxc5 Nxc5 18. Bb1 e5 19. Nd2 a5 20. Nc4 Bxc4 21.
Rxc4 1/2-1/2

[Event "BL 1314 Werder Bremen - SV Wattenscheid"]
[Site "?"]
[Date "2014.02.09"]
[Round "8.7"]
[White "Thiel, Thomas"]
[Black "Bluebaum, Matthias"]
[Result "1/2-1/2"]
[WhiteElo "2310"]
[BlackElo "2517"]
[PlyCount "39"]
[EventDate "2014.??.??"]
[TimeControl "120+17"]
[WhiteClock "0:01:12"]
[BlackClock "0:00:56"]

1. c4 c6 2. e4 d5 3. exd5 cxd5 4. d4 Nf6 5. Nc3 Nc6 6. Nf3 Bg4 7. cxd5 Nxd5 8.
Qb3 Bxf3 9. gxf3 Nb6 10. Be3 e6 11. O-O-O Qc7 12. Kb1 Be7 13. d5 Nxd5 14. Nxd5
exd5 15. Rxd5 O-O 16. f4 Rad8 17. Bg2 Bf6 18. Rhd1 Rxd5 19. Rxd5 Rc8 20. Qc4
1/2-1/2

[Event "BL 1314 Werder Bremen - SV Wattenscheid"]
[Site "?"]
[Date "2014.02.09"]
[Round "8.8"]
[White "Fish, Gennadij"]
[Black "Wolf, Ulrich"]
[Result "1-0"]
[WhiteElo "2458"]
[BlackElo "2076"]
[PlyCount "57"]
[EventDate "2014.??.??"]
[TimeControl "120+26"]
[WhiteClock "0:00:14"]
[BlackClock "0:00:01"]

1. d4 Nf6 2. c4 e6 3. Nc3 Bb4 4. e3 c5 5. Bd3 cxd4 6. exd4 O-O 7. Nf3 d5 8. O-O
Nc6 9. Bg5 dxc4 10. Bxc4 Be7 11. a3 a6 12. Rc1 b5 13. Ba2 Bb7 14. Qd3 Rc8 15.
Bb1 g6 16. Rfd1 Re8 17. Ba2 Qd6 18. Qe2 Rcd8 19. h3 b4 20. Na4 bxa3 21. bxa3
Qxa3 22. Nc5 Bc8 23. Nxe6 Rd6 24. Nc7 Red8 25. d5 Nb4 26. Qxe7 R8d7 27. Qe5
Nxa2 28. Bxf6 Rxf6 29. Ne8 1-0

[Event "BL 1314 Hamburger SK - SV Mülheim Nord"]
[Site "?"]
[Date "2014.02.09"]
[Round "8.1"]
[White "Vachier-Lagrave, Maxime"]
[Black "Wojtaszek, Radoslaw"]
[Result "1/2-1/2"]
[WhiteElo "2745"]
[BlackElo "2715"]
[PlyCount "75"]
[EventDate "2014.??.??"]
[TimeControl "120+14"]
[WhiteClock "0:00:16"]
[BlackClock "0:00:17"]

1. Nf3 Nf6 2. g3 d5 3. Bg2 c5 4. c4 d4 5. b4 cxb4 6. a3 bxa3 7. Bxa3 Nc6 8. d3
g6 9. Nbd2 Bg7 10. Ra2 O-O 11. Qa1 Ne8 12. O-O Nc7 13. Rb1 Ne6 14. Nb3 Rb8 15.
Bb2 b6 16. Nfd2 Bb7 17. Bxc6 Bxc6 18. Rxa7 Re8 19. Nf3 Bxf3 20. exf3 b5 21.
cxb5 Qd5 22. Nd2 Bh6 23. Bc1 Bxd2 24. Bxd2 Rxb5 25. Kg2 Rxb1 26. Qxb1 h5 27. h4
Ng7 28. Ra5 Qc6 29. Qa2 Qe6 30. Qxe6 Nxe6 31. Bb4 Nc7 32. f4 e6 33. Kf3 Nd5 34.
Bc5 Ne7 35. Bxd4 Nc6 36. Ra4 Nxd4+ 37. Rxd4 Kg7 38. Rd7 1/2-1/2